Multisport Athletes - Statistics

General Stats
  • This quiz has been taken 16 times
  • The average score is 6 of 26
Answer Stats
Sport Athlete Prominent Era % Correct
Football and Baseball Bo Jackson 1980-1990's
94%
Football and Baseball Deion Sanders 1980-2000's
81%
Basketball and Baseball Michael Jordan 1980-1990's
63%
Track, Baseball and Football Jim Thorpe 1900-1920's
50%
Basketball and Volleyball Wilt Chamberlain 1950-1970's
44%
Baseball and Basketball Danny Ainge 1980-1990's
38%
Football and Lacrosse Jim Brown 1950-1960's
38%
Football and NCAA Basketball Antonio Gates 2000-2010's
25%
Baseball, NCAA Basketball/Football, Track Jackie Robinson 1940-1950's
25%
Football and NCAA Basketball Tony Gonzalez 1990-2010's
25%
Football and Track Bob Hayes 1960-1970's
19%
Baseball, Basketball, and Football Dave Winfield 1970-1990's
19%
Football and Baseball John Elway 1980-1990's
19%
Football and Baseball Kyler Murray 2010-current
19%
Hockey and Baseball Tom Glavine 1980-1990's
19%
Track and Golf Babe Didrikson Zaharias 1930-1950's
13%
Football and Basketball Charlie Ward 1990-2000's
13%
Football and MMA Herschel Walker 1970-2000's
13%
Baseball and NCAA Basketball Bob Gibson 1950-1970's
6%
Baseball and Basketball Gene Conley 1950-1960's
6%
Baseball and NCAA Football Kirk Gibson 1970-1990's
6%
Baseball and NCAA Basketball Tony Gwynn 1970-1990's
6%
Basketball and Baseball Dave DeBusschere 1960-1970's
0%
Baseball and Basketball Dick Groat 1950-1960's
0%
NCAA Football and Baseball Jeff Samardzija 2000-2010's
0%
Football and Track Marquise Goodwin 2010-2020's
0%
No matching quizzes found
Score Distribution
Percent of People with Each Score
Percentile by Number Answered
Your Score History
You have not taken this quiz